Uso y aplicación del sistema internacional de unidades y medidas (SI)en el etiquetado de productos preempacados
Gespeichert in:
| 1. Verfasser: | |
|---|---|
| Format: | Buch |
| Sprache: | Spanish |
| Veröffentlicht: |
[San José, Costa Rica : Universidad de Costa Rica, Facultad de Ingeniería, Instituto de Investigaciones en Ingeniería, Laboratorio de Metrología, Gestión de la Calidad y Gestión Ambiental
2006
|
| Tags: |
Tag hinzufügen
Keine Tags, Fügen Sie den ersten Tag hinzu!
|
MARC
| LEADER | 00000nam a2200000Ia 4500 | ||
|---|---|---|---|
| 003 | PI0159 | ||
| 005 | 20240515100503.0 | ||
| 008 | 140114s2006 cr a 000 ||spa d | ||
| 040 | |c cru CEDI | ||
| 100 | |a Muñoz Umaña, Flor de María, 1958- |9 1733 | ||
| 245 | |a Uso y aplicación del sistema internacional de unidades y medidas (SI)en el etiquetado de productos preempacados | ||
| 260 | |a [San José, Costa Rica : Universidad de Costa Rica, Facultad de Ingeniería, Instituto de Investigaciones en Ingeniería, Laboratorio de Metrología, Gestión de la Calidad y Gestión Ambiental |c 2006 | ||
| 500 | |a Informe Final No. 731-A4-835 | ||
| 942 | |c TFG |h PI-159 |i PI0159 |6 PI_159_PI0159 | ||
| 999 | |c 12574 |d 12574 | ||
